000 02051nam a2200217Ia 4500
001 b7071-51376
003 IT-MiCISF
008 161014s9999||||xx |||||||||||||| ||und||
040 _aIT-MiCISF
_cIT-MiCISF
041 _aIT
100 _aGrun Anselm
245 0 _aLe domande dei bambini su Dio
_bCome l'educazione spirituale rafforza la famiglia
250 _a1a ed.
260 _a Torino
_bLindau
_c2012
300 _app. 227
500 _a / infanzia, valori, educazione-familiare, spiritualità-familiare, pastorale-familiare, senso-della-vita / I figli si educano con il cuore, il buonsenso e la fiducia. Ecco il messaggio che A. Grün, monaco benedettino, e J.-U. Rogge, pedagogista, rivolgono ai tanti genitori resi insicuri dal desiderio di fare tutto alla perfezione e dall'idea che esista una "tecnica dell'educazione" giusta e valida sempre. In questo libro ci mostrano come far fronte alle sfide della vita quotidiana e ci assicurano che i bambini cercano Dio, facendo domande sul perché delle cose, sull'inizio e sulla fine della vita, ed esplorando il mondo intorno a loro in cerca di spiegazioni. Su questa ricerca di Dio concentrano la loro attenzione, facendo capire come i bambini pensano e dicendo come si possono riconoscere le loro esigenze spirituali. Ci spiegano come la spiritualità non abbia necessariamente a che fare con le istituzioni ecclesiastiche e come possa influire positivamente sulla vita familiare perché allenta la pressione e favorisce l'attenzione verso il bambino e verso se stessi. L'educazione infatti consiste innanzitutto nell'accompagnare i figli plasmandone il percorso non sulla base di inesistenti regole universali, ma adattandosi alla loro personalità. In quest'ottica educare non appare più come un compito impegnativo e gravoso, ma come un cammino di arricchimento reciproco, un'occasione di crescita umana e spirituale per tutta la famiglia.
650 _a Genitorialità e problemi educativi / educazione
_e004
700 _aRogge Jan-Uwe
942 _cBK
957 _71
999 _a51376
_bsi
_g1
_c209909
_d209909